01137nas a2200313 4500001001300000003000900013005001700022007000300039008003400042040005400076041000900130072000800139100001800147100001700165100002100182100001900203100001800222100002800240245012800268246013400396650002500530650001500555650001300570650001000583650002300593650002800616773009800644856008100742BR2013008984BR-BrBNA20231205123224.0ta230509b bl.|||p| |||| 00| 00por d aBR-BrBNAbporcBiblioteca Nacional de Agricultura a(Pt) aF501 aSanches, M.C.1 aMielke, M.S.1 aSouza, C.S.D. de1 aVieira, A.J.D.1 aLopes, M.M.M.1 aSilva Júnior, M.B. da1 aMorfologia foliar de indivíduos jovens e adultos de Caesalpinia echinata Lam. numa floresta semidecídua do Sul da Bahia1 aLeaf morphology of saplings and adult individuals of Caesalpinia echinata Lam. in a semidecidual forest of southern Bahia, Brazil aCAESALPINIA ECHINATA aPAU BRASIL aFLORESTA aFOLHA aMORFOLOGIA VEGETAL aREGENERAÇÃO NATURAL0 tRevista Árvore (Brazil)xISSN 0100-6762 g(Sep-Oct 2009), v. 33(5) p. 885-893wBR20130089844 uhttp://www.scielo.br/pdf/rarv/v33n5/v33n5a11.pdfyRecurso eletrônico (PDF)